000 00638nam a2200205Ia 4500
003 OSt
005 20250806105528.0
008 210210b1996 xxu||||| |||| 00| 0 eng d
040 _cAL
041 _aKannada
082 _a294.5513K NANV
100 _aNANDIMATA (S C).
_dನಂದಿಮಾತಾ (ಎಸ್ ಸಿ)
_9234191
245 _aVirashaiva dharmada kaipidi.
_bವೀರಶೈವ ಧರ್ಮದ ಕೈಪಿಡಿ.
260 _aDharavada
_bKannada Adhyayana Peeta, Karnataka Vishwavidyalaya.,
_c1996
300 _a191
650 _aVirashaiva
_9234192
690 _aHinduism
_9234193
906 _aSG04233
942 _2ddc
_cBK
999 _c114708
_d114708